000 00863cam a2200253 a 4500
001 000008943
005 20200929161439.0
008 821213s1997 ve 001 f spa
020 _a9800100199
040 _aDO-SdBNP
_cDLC
_dDLC
082 _aV863.44
_bL719m, 1997
100 1 _aLiendo, Eduardo.
_923526
245 1 3 _aEl mago de la cara de vidrio /
_cEduardo Liendo ; prólogo, Alexis Márquez Rodríguez.
260 _aCaracas (Venezuela) :
_bMonte Ávila,
_c1997.
300 _a121 p. ;
_c16 cm.
490 1 _aGalería de arte nacional
_aEl dorado
500 _a"Segunda reimpresión 2001".
650 4 _aNovela venezolana
_93962
650 4 _aLiteratura venezolana
_93816
700 1 _aMárquez Rodríguez, Alexis,
_epról.
_920682
830 0 _aGalería de arte nacional ;
_pEl dorado.
_923527
910 _aCatalogación por copia / LC
049 _aBNGR
999 _c8708
_d8708